000 00732nam a2200253Ia 4500
005 20260429112259.0
008 260429s9999||||xx |||||||||||||| ||und||
020 _a9789348596222
041 _aEnglish
082 _a631
_bJHA
100 _aJha, Shankar
245 0 _aText book of Natural Farming /
_cShankar Jha
260 _aNew Delhi :
_bToday & Tomorrow's Printers and Publishers,
_c2025.
300 _a746 p.; hb
650 _a Organic farming
650 _a Sustainable agriculture
650 _aNatural farming
700 _a Goswami, Amit Kumar
700 _a Pandey, Punyavrat Suvimalendu
700 _a Prasad, Shiv Shankar
700 _a Rai, Mayank
700 _a Singh, Shiveshwar Pratap
942 _cTB
999 _c53286
_d53286